000
00300nam a22001337a 4500
008
170927b xxu||||| |||| 00| 0 eng d
020
_a
0393959538
041
_a
eng
080
_2
3RD
_a
37
100
_a
46
101
_a
EDU
245
_a
WRITING A COLLEGE HANDBOOK
_c
HEFFERNAN,J.A
942
_2
udc
_c
BK
999
_c
30161
_d
30161